| 000 | 00617nam a2200181 i 4500 | ||
|---|---|---|---|
| 001 | bg | ||
| 100 | 1 | _aPAWLAK, Jan | |
| 245 | 0 |
_aStan mechanizacji rolnictwa oraz rynek maszyn rolniczych w Polsce na tle krajów rozwiniętych / _cJan Pawlak i zespół ; Instytut Budownictwa, Mechanizacji i Elektryfikacji Rolnictwa. |
|
| 260 |
_aWarszawa : _bIBMER, _c1993. |
||
| 300 |
_a119 s. : _bwykr. ; _c21 cm. |
||
| 650 | 9 |
_aRolnictwo _xmechanizacja _zPolska |
|
| 650 | 9 |
_aRolnictwo _xnarzędzia i maszyny |
|
| 040 | _cBPK | ||
| 041 | 0 | _apl | |
| 080 | _a631.3(438) | ||
| 942 | _cKS | ||
| 008 | s pl f |000 0 pol | ||
| 999 |
_c31190 _d31190 |
||
| 856 |
_uhttp://koha.tu.koszalin.pl/cgi-bin/koha/opac-detail.pl?biblionumber=31190 _yKatalog online BPK |
||